| 000 | 00544nam a2200169 i 4500 | ||
|---|---|---|---|
| 001 | 75390 | ||
| 003 | ES-MaACL | ||
| 005 | 20251005063053.0 | ||
| 007 | t| | ||
| 008 | 040924q19301939sp ||||1| spa d | ||
| 100 | 1 |
_aGoyanes Capdevila, José, _dd1876-1964 _959401 |
|
| 245 | 1 | 0 |
_aMi gestión en la Dirección del Instituto del Cáncer _b: conferencia en el colegio de médicos / _cJosé Goyanes Capdevila. |
| 260 |
_a[S.l. : _bs.n., _c193-?] |
||
| 300 |
_a30 p. ; _c16 cm. |
||
| 852 |
_aES-MaACL _j1706-F-21 |
||
| 999 |
_c75390 _d75390 |
||